Así se dibuja al carbón y a la sanguina / (Record no. 189893)

MARC details
000 -LEADER
campo de control de longitud fija 00802nam a2200241 i 4500
001 - NÚMERO DE CONTROL
campo de control 189893
003 - IDENTIFICADOR DE NÚMERO DE CONTROL
campo de control SpMaBN
005 - FECHA Y HORA DE LA ÚLTIMA TRANSACCIÓN
campo de control 20250815115638.0
008 - DATOS DE LONGITUD FIJA--INFORMACIÓN GENERAL
campo de control de longitud fija 191218s1973 sp af |||| | spa d
020 ## - NÚMERO INTERNACIONAL ESTÁNDAR DEL LIBRO
Número Internacional Estándar del Libro 84-342-0067-8
080 ## - NÚMERO DE LA CLASIFICACIÓN DECIMAL UNIVERSAL
Número de la Clasificación Decimal Universal 75.021.34
100 1# - ENTRADA PRINCIPAL--NOMBRE DE PERSONA
Nombre de persona Parramón, José María.
9 (RLIN) 89257
245 10 - MENCIÓN DEL TÍTULO
Título Así se dibuja al carbón y a la sanguina /
Mención de responsabilidad, etc. por José Mª Parramón.
250 ## - MENCION DE EDICION
Mención de edición 4ª ed.
260 ## - PUBLICACIÓN, DISTRIBUCIÓN, ETC.
Lugar de publicación, distribución, etc. Barcelona :
Nombre del editor, distribuidor, etc. Instituto Parramón,
Fecha de publicación, distribución, etc. 1973.
300 ## - DESCRIPCIÓN FÍSICA
Extensión 79 p., [3] p. de lám. :
Otras características físicas il. ;
Dimensiones 27 cm.
490 1# - MENCIÓN DE SERIE
Mención de serie Colección "Aprender haciendo"
650 #7 - PUNTO DE ACCESO ADICIONAL DE MATERIA--TÉRMINO DE MATERIA
Término de materia o nombre geográfico como elemento de entrada Dibujo al carbón
Fuente del encabezamiento o término embne
9 (RLIN) 169189
650 #7 - PUNTO DE ACCESO ADICIONAL DE MATERIA--TÉRMINO DE MATERIA
Término de materia o nombre geográfico como elemento de entrada Dibujo a la sanguina
Fuente del encabezamiento o término embne
9 (RLIN) 169190
830 0# - PUNTO DE ACCESO ADICIONAL DE SERIE-TÍTULO UNIFORME
Título uniforme Colección "Aprender haciendo"
9 (RLIN) 193459
852 ## - LOCALIZACIÓN
Ubicación ES-MaACL
Número de control de estantería L-32476
Nota libre - Enc. cart.
Holdings
Estatus retirado Estado de pérdida Estado de daño No para préstamo Biblioteca de origen Biblioteca actual Ubicación en estantería Fecha de adquisición Fuente de adquisición Total de préstamos Signatura topográfica completa Código de barras Visto por última vez Precio de reemplazo Tipo de ítem Koha
        Biblioteca del Ateneo de Madrid Biblioteca del Ateneo de Madrid Depósito 2 18/12/2019     L-32476 1201427 23/02/2023 23/02/2023 Libro impreso